ARRUPE JESUIT UNIVERSITY

CORONAVIRUS -STOP THE SPREAD - CLEAN,DISINFECT,COVER

John Stuart Mill's on liberty (Record no. 131928)

MARC details
000 -LEADER
fixed length control field 00521nam a22001697a 4500
008 - FIXED-LENGTH DATA ELEMENTS--GENERAL INFORMATION
fixed length control field 240530b |||||||| |||| 00| 0 eng d
020 ## - INTERNATIONAL STANDARD BOOK NUMBER
International Standard Book Number 0198247664
050 ## - LIBRARY OF CONGRESS CALL NUMBER
Classification number JC585.M75 R44 1985
100 ## - MAIN ENTRY--PERSONAL NAME
Personal name Rees John C.
9 (RLIN) 52814
245 ## - TITLE STATEMENT
Title John Stuart Mill's on liberty
Statement of responsibility, etc John C. Rees.
260 ## - PUBLICATION, DISTRIBUTION, ETC. (IMPRINT)
Place of publication, distribution, etc Oxford:
Name of publisher, distributor, etc Clarendon Press.
Date of publication, distribution, etc 1985.
300 ## - PHYSICAL DESCRIPTION
Extent xi;
Other physical details 210p,
Dimensions 22cm.
600 ## - SUBJECT ADDED ENTRY--PERSONAL NAME
Personal name Mill,John;
Chronological subdivision 1806-1873,on liberty
9 (RLIN) 52815
600 ## - SUBJECT ADDED ENTRY--PERSONAL NAME
Personal name I. Williams,Geraint,
Chronological subdivision 1942-
9 (RLIN) 52817
650 ## - SUBJECT ADDED ENTRY--TOPICAL TERM
Topical term or geographic name as entry element Liberty;
9 (RLIN) 7967
942 ## - ADDED ENTRY ELEMENTS (KOHA)
Source of classification or shelving scheme Library of Congress Classification
Item type Monograph ( Printed materials)

No items available.

 

Arrupe Library. PO Box MP320 Mt Pleasant, Harare, Zimbabwe
263 242 745411|librarian@aju.ac.zw